[Event "Zvenigorod Autumn op-B"]
[Site "Zvenigorod"]
[Date "2008.09.25"]
[Round "2"]
[White "Grigoryeva, Olga A"]
[Black "Vitoshinskiy, Yuriy N"]
[Result "1-0"]
[WhiteElo "1960"]
[BlackElo "2120"]
[PlyCount "93"]
[EventDate "2008.09.25"]
[EventType "swiss"]
[EventRounds "9"]
[EventCountry "RUS"]
[SourceTitle "EXT 2022"]
[Source "ChessBase"]
[SourceDate "2021.10.06"]
[SourceVersion "1"]
[SourceVersionDate "2021.10.06"]
[SourceQuality "1"]

1. d4 Nf6 2. c4 g6 3. f3 d5 4. cxd5 Nxd5 5. e4 Nb6 6. Be3 Bg7 7. Nc3 0-0 8. Qd2 c6 9. 0-0-0 Be6 10. Bh6 Nc4 11. Bxc4 Bxc4 12. Bxg7 Kxg7 13. h4 h6 14. Nge2 Qa5 15. Kb1 Na6 16. b3 Qb4 17. Na4 Bxe2 18. Qxe2 b5 19. Nb2 Qa3 20. h5 g5 21. Nd3 Nb4 22. Nxb4 Qxb4 23. f4 Rad8 24. fxg5 Rxd4 25. gxh6+ Kh8 26. Qg4 Rg8 27. Qf5 f6 28. g4 Rgd8 29. Rxd4 Qxd4 30. e5 fxe5 31. Re1 Qd3+ 32. Qxd3 Rxd3 33. Rxe5 Rd4 34. g5 Rd5 35. Rxd5 cxd5 36. g6 b4 37. Kc2 e5 38. Kd3 e4+ 39. Ke3 Kg8 40. h7+ Kg7 41. h6+ Kh8 42. Kd4 a5 43. Ke3 a4 44. bxa4 b3 45. axb3 d4+ 46. Kxd4 e3 47. g7+ 1-0

[Event "Dmitrov op"]
[Site "Dmitrov"]
[Date "2007.07.23"]
[Round "2"]
[White "Kuryshkin, Anatoliy"]
[Black "Vitoshinskiy, Yuriy N"]
[Result "0-1"]
[WhiteElo "1967"]
[BlackElo "2110"]
[PlyCount "46"]
[EventDate "2007.07.22"]
[EventType "swiss"]
[EventRounds "12"]
[EventCountry "RUS"]
[SourceTitle "EXT 2022"]
[Source "ChessBase"]
[SourceDate "2021.10.06"]
[SourceVersion "1"]
[SourceVersionDate "2021.10.06"]
[SourceQuality "1"]

1. e4 e5 2. Nf3 Nc6 3. c3 Nf6 4. Qa4 d6 5. d4 Bd7 6. d5 Nd4 7. Qd1 Nxf3+ 8. Qxf3 c5 9. a4 Be7 10. Bb5 0-0 11. Bxd7 Qxd7 12. Bg5 Nxd5 13. Bxe7 Nxe7 14. c4 f5 15. Nc3 fxe4 16. Qxe4 Rf4 17. Qd3 Raf8 18. f3 Rd4 19. Qe2 a6 20. b3 Rh4 21. 0-0-0 Nc6 22. Qf2 Rd4 23. Ne4 Rxe4 0-1

[Event "Moscow Region-ch op"]
[Site "Serpukhov"]
[Date "2004.08.27"]
[Round "2"]
[White "Vitoshinskiy, Yuriy N"]
[Black "Pospelov, Sergey Lvovich"]
[Result "1/2-1/2"]
[WhiteElo "2100"]
[BlackElo "2088"]
[PlyCount "67"]
[EventDate "2004.08.26"]
[EventType "swiss"]
[EventRounds "12"]
[EventCountry "RUS"]
[SourceTitle "EXT 2006"]
[Source "ChessBase"]
[SourceDate "2005.11.24"]
[SourceVersion "1"]
[SourceVersionDate "2005.11.24"]
[SourceQuality "1"]

1. Nf3 Nf6 2. d4 e6 3. c4 d5 4. e3 c5 5. Nc3 cxd4 6. exd4 Nc6 7. Be2 Be7 8. 0-0 0-0 9. Ne5 dxc4 10. Nxc6 bxc6 11. Bxc4 Nd5 12. Nxd5 cxd5 13. Bd3 Bf6 14. Bf4 Qb6 15. Qc2 g6 16. Be5 Bxe5 17. dxe5 Ba6 18. b3 Rac8 19. Qe2 Bxd3 20. Qxd3 Rc7 21. Rfc1 Rfc8 22. Rxc7 Qxc7 23. Qe2 Qc3 24. Rd1 Rc5 25. Kf1 Kf8 26. g3 Ke7 27. Qa6 Qxe5 28. Qxa7+ Rc7 29. Qa3+ Kf6 30. Rc1 d4 31. f4 Qb5+ 32. Kf2 Rd7 33. Qc5 Qa6 34. Qe5+ 1/2-1/2

[Event "Kimry op"]
[Site "Kimry"]
[Date "2003.??.??"]
[Round "8"]
[White "Gorshkov, Yuri"]
[Black "Vitoshinskiy, Yuriy N"]
[Result "1-0"]
[WhiteElo "2377"]
[BlackElo "2100"]
[PlyCount "139"]
[EventDate "2003.??.??"]
[EventType "swiss"]
[EventRounds "9"]
[EventCountry "RUS"]
[SourceTitle "EXT 2006"]
[Source "ChessBase"]
[SourceDate "2005.11.24"]
[SourceVersion "1"]
[SourceVersionDate "2005.11.24"]
[SourceQuality "1"]

1. d4 Nf6 2. c4 d5 3. Nf3 dxc4 4. e3 e6 5. Bxc4 a6 6. 0-0 c5 7. Qe2 Nc6 8. Rd1 cxd4 9. exd4 Be7 10. Nc3 0-0 11. Bb3 Re8 12. Bg5 Nb4 13. Ne5 Bd7 14. Qf3 Bc6 15. Nxc6 Nxc6 16. d5 exd5 17. Nxd5 Nxd5 18. Rxd5 Qc8 19. Be3 Bf6 20. Rad1 Re5 21. Rd7 Re7 22. R7d2 Qe8 23. h3 Rd8 24. Bd5 Rc8 25. g4 Ne5 26. Qf5 Ng6 27. Qf3 Qb5 28. Bb3 Rce8 29. Rd5 Qc6 30. Qf5 Re5 31. Qd3 Rxd5 32. Bxd5 Qc7 33. Qb3 Re7 34. Rc1 Qd7 35. Qc4 h6 36. Qc8+ Kh7 37. Qxd7 Rxd7 38. Be4 Bxb2 39. Rb1 Bf6 40. Bxb7 a5 41. Be4 Kg8 42. Rb8+ Rd8 43. Rb5 Bc3 44. Kg2 Nh4+ 45. Kf1 Rd1+ 46. Ke2 Rd8 47. a3 g5 48. Rc5 Bd4 49. Rxa5 Bxe3 50. Kxe3 Kg7 51. Ra6 Rb8 52. Ra7 Rb3+ 53. Kd4 Rxh3 54. Bd5 Kh8 55. Bxf7 Rf3 56. Be6 Rxf2 57. a4 Rf4+ 58. Kd5 Ng2 59. a5 Ne3+ 60. Ke5 Nxg4+ 61. Bxg4 Rxg4 62. Kf5 Rc4 63. Kg6 Rc6+ 64. Kh5 Kg8 65. a6 Kf8 66. Kg4 Ke8 67. Ra8+ Kd7 68. a7 Ra6 69. Rh8 h5+ 70. Kxh5 1-0

[Event "Kimry op"]
[Site "Kimry"]
[Date "2003.??.??"]
[Round "2"]
[White "Vitoshinskiy, Yuriy N"]
[Black "Zukin, Alexandr"]
[Result "1/2-1/2"]
[WhiteElo "2100"]
[BlackElo "2279"]
[PlyCount "108"]
[EventDate "2003.??.??"]
[EventType "swiss"]
[EventRounds "9"]
[EventCountry "RUS"]
[SourceTitle "EXT 2006"]
[Source "ChessBase"]
[SourceDate "2005.11.24"]
[SourceVersion "1"]
[SourceVersionDate "2005.11.24"]
[SourceQuality "1"]

1. Nf3 Nf6 2. d4 g6 3. g3 Bg7 4. Bg2 0-0 5. 0-0 d6 6. Nc3 Nbd7 7. e4 c6 8. Re1 e5 9. dxe5 dxe5 10. Qe2 Qc7 11. b3 Re8 12. h3 Nc5 13. a4 a5 14. Kh2 b6 15. Ba3 Bf8 16. Qe3 Ba6 17. Bf1 Bxf1 18. Rxf1 Rad8 19. Nd2 Ne6 20. Bxf8 Kxf8 21. Nc4 Nd4 22. Ra2 Kg7 23. f3 Re7 24. Rf2 Red7 25. f4 exf4 26. Qxf4 Qxf4 27. gxf4 b5 28. Ne5 Rd6 29. axb5 cxb5 30. Rxa5 b4 31. Nb5 Nxb5 32. Rxb5 Nxe4 33. Rg2 Rd4 34. Nc6 R4d5 35. Rxd5 Rxd5 36. Nxb4 Rd4 37. Nd3 f5 38. Rg1 Nd2 39. Rd1 Ne4 40. Nf2 Rxd1 41. Nxd1 Kf6 42. h4 Ke6 43. Ne3 Kd6 44. b4 Nc3 45. h5 Na2 46. hxg6 hxg6 47. b5 Nc3 48. Nc4+ Kc7 49. b6+ Kb7 50. Kg3 Ne2+ 51. Kh4 Nxf4 52. Kg5 Nd5 53. Kxg6 f4 54. Nd2 Kxb6 1/2-1/2

[Event "Moscow-ch Region"]
[Site "Serpukhov"]
[Date "2002.??.??"]
[Round "9"]
[White "Bounin, Mikhail"]
[Black "Vitoshinskiy, Yuriy N"]
[Result "1-0"]
[WhiteElo "2240"]
[BlackElo "2165"]
[PlyCount "71"]
[EventDate "2002.??.??"]
[EventType "swiss"]
[EventRounds "9"]
[EventCountry "RUS"]
[SourceTitle "EXT 2003"]
[Source "ChessBase"]
[SourceDate "2002.11.25"]
[SourceVersion "1"]
[SourceVersionDate "2002.11.25"]
[SourceQuality "1"]

1. e4 e5 2. Nc3 Nf6 3. f4 d6 4. Nf3 Bg4 5. Be2 Nc6 6. d3 Bxf3 7. Bxf3 Nd4 8. 0-0 Qd7 9. Be3 Nxf3+ 10. Qxf3 Qg4 11. Qf2 Qd7 12. h3 Be7 13. fxe5 dxe5 14. Nd5 Bd8 15. Qg3 Nxd5 16. exd5 Bf6 17. c4 c6 18. dxc6 Qxc6 19. Qg4 Qd7 20. Qe4 Qc6 21. Rf3 Qxe4 22. dxe4 Be7 23. Rd1 b6 24. Bf2 Rc8 25. b3 f6 26. Rfd3 Rc7 27. Kf1 Kf7 28. Ke2 Ke6 29. Rd5 h5 30. a4 Rb8 31. R1d3 g6 32. Rg3 Kf7 33. Rc3 Ke6 34. Be1 f5 35. Rg3 Kf6 36. Bc3 1-0